[Event "Singapore Double Round"]
[Site "Singapore"]
[Date "1997.??.??"]
[Round "8"]
[White "Ardiansyah, Haji"]
[Black "Ubayana, Harry"]
[Result "1-0"]
[WhiteElo "2415"]
[BlackElo "2200"]
[PlyCount "69"]
[EventDate "1997.05.31"]
[EventType "tourn"]
[EventRounds "10"]
[EventCountry "SIN"]
[EventCategory "2"]
[SourceTitle "CBM 058 Extra"]
[Source "ChessBase"]
[SourceDate "1997.07.29"]
[SourceVersion "1"]
[SourceVersionDate "1997.07.29"]
[SourceQuality "1"]

1. d4 d5 2. Nf3 c6 3. c4 e6 4. g3 f5 5. Bg2 Nf6 6. 0-0 Bd6 7. Qc2 0-0 8. b3 Qe8 9. Bb2 Qh5 10. Ne5 Nbd7 11. h3 Ne4 12. e3 Ndf6 13. Nc3 Bd7 14. Ne2 Qh6 15. Rad1 Rad8 16. Bc1 Nh5 17. Kh2 g5 18. f3 Nef6 19. Kg1 Be8 20. e4 f4 21. g4 Ng7 22. Nd3 dxe4 23. fxe4 Nxg4 24. e5 f3 25. exd6 fxg2 26. Rxf8+ Kxf8 27. hxg4 Qh1+ 28. Kf2 Bg6 29. Bxg5 Rd7 30. Be7+ Kg8 31. Ng3 Qh3 32. Qe2 h5 33. Nf4 Qh2 34. Nxg2 h4 35. Nf1 1-0

[Event "World Cities"]
[Site "Jakarta "]
[Date "1997.??.??"]
[Round "9"]
[White "Ubayana, Harry"]
[Black "Aung, Thant Zin"]
[Result "0-1"]
[WhiteElo "2200"]
[BlackElo "2245"]
[PlyCount "94"]
[EventDate "1997.07.08"]
[EventType "swiss"]
[EventRounds "10"]
[EventCountry "INA"]
[SourceTitle "CBM 058 Extra"]
[Source "ChessBase"]
[SourceDate "1997.07.29"]
[SourceVersion "1"]
[SourceVersionDate "1997.07.29"]
[SourceQuality "1"]

1. e4 c5 2. Nf3 Nc6 3. d4 cxd4 4. Nxd4 Nf6 5. Nc3 d6 6. Bg5 e6 7. Qd2 a6 8. 0-0-0 h6 9. Bh4 Nxe4 10. Qe3 Qxh4 11. Nxe4 d5 12. Ng3 Bc5 13. c3 0-0 14. f4 Bd6 15. Nge2 Bd7 16. Nf3 Qe7 17. g4 Bc5 18. Qd2 Rad8 19. h4 e5 20. f5 h5 21. Bh3 e4 22. Nfd4 Ne5 23. gxh5 Nc4 24. Qe1 Ba3 25. Rg1 Nxb2 26. Kb1 Nxd1 27. h6 Qf6 28. hxg7 Rfe8 29. Qxd1 Qb6+ 30. Nb3 Qh6 31. Qd4 Bb5 32. Ng3 e3 33. f6 e2 34. Re1 Qg6+ 35. Nf5 Bd7 36. Qf4 Bd6 37. Qf3 Qxf6 38. Nbd4 Qg6 39. h5 Qh6 40. Kb2 Be5 41. Rxe2 Bxd4 42. Ne7+ Kxg7 43. Bxd7 Rxe7 44. Rxe7 Bf6 45. Re2 d4 46. Rg2+ Kf8 47. Qxf6 Rxd7 0-1

[Event "World Cities"]
[Site "Jakarta "]
[Date "1997.??.??"]
[Round "2"]
[White "Ubayana, Harry"]
[Black "Mahmud, Syarif"]
[Result "1/2-1/2"]
[WhiteElo "2200"]
[BlackElo "2325"]
[PlyCount "52"]
[EventDate "1997.07.08"]
[EventType "swiss"]
[EventRounds "10"]
[EventCountry "INA"]
[SourceTitle "CBM 058 Extra"]
[Source "ChessBase"]
[SourceDate "1997.07.29"]
[SourceVersion "1"]
[SourceVersionDate "1997.07.29"]
[SourceQuality "1"]

1. c4 e5 2. Nc3 Nf6 3. Nf3 Nc6 4. d3 d5 5. cxd5 Nxd5 6. g3 Be7 7. Bg2 Nb6 8. 0-0 0-0 9. a3 Be6 10. b4 f6 11. Be3 Nd5 12. Nxd5 Bxd5 13. Qc2 Qd7 14. Rfc1 a6 15. Nd2 f5 16. Bxd5+ Qxd5 17. Qc4 Rad8 18. Nb3 f4 19. Bc5 Bxc5 20. Qxd5+ Rxd5 21. Rxc5 Rd7 22. Nd2 Nd4 23. Rac1 f3 24. e3 Nc6 25. R5c3 Rfd8 26. Nxf3 Rd6 1/2-1/2

[Event "World Cities"]
[Site "Jakarta "]
[Date "1997.??.??"]
[Round "7"]
[White "Ubayana, Harry"]
[Black "Sadikin The, Irwanto"]
[Result "0-1"]
[WhiteElo "2200"]
[BlackElo "2315"]
[PlyCount "118"]
[EventDate "1997.07.08"]
[EventType "swiss"]
[EventRounds "10"]
[EventCountry "INA"]
[SourceTitle "CBM 058 Extra"]
[Source "ChessBase"]
[SourceDate "1997.07.29"]
[SourceVersion "1"]
[SourceVersionDate "1997.07.29"]
[SourceQuality "1"]

1. d4 d5 2. Nf3 Nf6 3. c4 c6 4. Nc3 e6 5. cxd5 exd5 6. Bg5 Nbd7 7. e3 Be7 8. Bd3 Nh5 9. Bxe7 Qxe7 10. 0-0 0-0 11. Rc1 g6 12. h3 f5 13. Re1 Nhf6 14. Nh2 Kh8 15. f4 Ne4 16. Nf3 Rg8 17. a3 Ndf6 18. Rc2 g5 19. Nxg5 Nxg5 20. fxg5 Rxg5 21. Qf3 Qg7 22. Ne2 Bd7 23. Nf4 Rg3 24. Qf2 Rg8 25. Kf1 Qh6 26. Ree2 Qg5 27. b4 a6 28. Ke1 Qg7 29. Kf1 Qe7 30. Rb2 R3g5 31. Qe1 Be8 32. h4 Rg3 33. Bxf5 Ne4 34. Bxe4 Qxh4 35. Qxg3 Rxg3 36. Bf3 Bd7 37. Rf2 Qh1+ 38. Ke2 Qc1 39. Rd2 Qxa3 40. Nh5 Rg6 41. Nf4 Rg7 42. Nd3 Bf5 43. Bxd5 cxd5 44. Rxf5 Rxg2+ 45. Nf2 Qxb4 46. Rc2 Qb1 47. Rc8+ Rg8 48. Rxg8+ Kxg8 49. Rg5+ Kf7 50. Kf3 Qb3 51. Kf4 Ke7 52. e4 dxe4 53. Nxe4 a5 54. Re5+ Kd8 55. Nc5 Qb4 56. Rd5+ Kc8 57. Ne6 Kb8 58. Rd8+ Ka7 59. Nc7 Qd2+ 0-1

[Event "World Cities"]
[Site "Jakarta "]
[Date "1997.??.??"]
[Round "3"]
[White "Ubayana, Harry"]
[Black "Tiviakov, Sergei"]
[Result "0-1"]
[WhiteElo "2200"]
[BlackElo "2590"]
[PlyCount "80"]
[EventDate "1997.07.08"]
[EventType "swiss"]
[EventRounds "10"]
[EventCountry "INA"]
[SourceTitle "CBM 058 Extra"]
[Source "ChessBase"]
[SourceDate "1997.07.29"]
[SourceVersion "1"]
[SourceVersionDate "1997.07.29"]
[SourceQuality "1"]

1. d4 Nf6 2. Nf3 e6 3. c4 b6 4. g3 Bb4+ 5. Bd2 Be7 6. Bg2 c6 7. Nc3 d5 8. cxd5 cxd5 9. 0-0 0-0 10. Rc1 Bb7 11. Bf4 Nc6 12. Ne5 Rc8 13. Nxc6 Rxc6 14. Re1 Qd7 15. Qd3 Rfc8 16. a3 Rc4 17. b3 R4c6 18. Nb1 Ne4 19. Rxc6 Bxc6 20. Rc1 Nd6 21. Bf1 Nf5 22. Bh3 Bf6 23. Bxf5 exf5 24. Nc3 g5 25. Bd2 Kh8 26. Nd1 Re8 27. a4 Qe6 28. Nc3 Kg7 29. Be3 h5 30. b4 Bd8 31. b5 Bb7 32. Rc2 h4 33. Bc1 Rh8 34. Nd1 hxg3 35. fxg3 f4 36. Nf2 fxg3 37. Qxg3 f6 38. Kf1 Qf5 39. Rc3 a6 40. Rf3 Qe6 0-1